000 00325nam a2200133Ia 4500
008 210210b1970 xxu||||| |||| 00| 0 eng d
082 _a909 MUJW
100 _aMUJEEB (M).
245 _aWorld history our heritage.
260 _aND
_bAsia Publishing House
_c1970
300 _a344
690 _aWorld History
906 _a031622
999 _c82648
_d82648